Numbers in Movies - Statistics

General Stats
  • This quiz has been taken 37 times
  • The average score is 21 of 30
Answer Stats
Picture Answer % Correct
12 Years A Slave
94%
2 Fast 2 Furious
94%
2 Guns
94%
Seven Psychopaths
94%
Shang-Chi And The Legend Of The Ten Rings
94%
The Lord Of The Rings: The Two Towers
94%
The Magnificent Seven
94%
Four Brothers
91%
Ocean's Eleven
88%
Ocean's 8
81%
Super 8
81%
101 Dalmatians
78%
Triple 9
78%
17 Again
75%
Mickey 17
75%
21 Jump Street
72%
300
72%
Assault On Precinct 13
72%
The 40 Year-Old Virgin
72%
22 Jump Street
69%
50 First Dates
69%
6 Underground
66%
27 Dresses
56%
G20
50%
47 Meters Down
34%
(500) Days Of Summer
28%
Wonder Woman 1984
28%
65
25%
Child 44
25%
2012
22%
No matching quizzes found
Score Distribution
Percent of People with Each Score
Percentile by Number Answered
Your Score History
You have not taken this quiz